Afrrev laligens: an international journal of language, literature and gender studies (Record no. 38060)

MARC details
000 -LEADER
fixed length control field 00638nam a2200157Ia 4500
022 ## - INTERNATIONAL STANDARD SERIAL NUMBER
ISSN 22275460/ 22258604
050 ## - CALL MARK
Classification number HQ 1075.5 .N6 A37/
245 #0 - TITLE STATEMENT
Title Afrrev laligens: an international journal of language, literature and gender studies
260 ## - PUBLICATION, DISTRIBUTION, ETC. (IMPRINT)
Name of publisher International Association of African Researchers and Reviewer Inc.
260 ## - PUBLICATION, DISTRIBUTION, ETC. (IMPRINT)
Year of publication 2012
300 ## - PHYSICAL DESCRIPTION
Number of Pages v. , 154 p. ; 21 cm.
650 ## - SUBJECT ADDED ENTRY--TOPICAL TERM
Topical Term Sex role--Nigeria--Periodicals. Sex role--Africa--Periodicals. Nigerian literature--History and criticism--Periodicals. Nigeria--Languages--Periodicals.
942 ## - ADDED ENTRY ELEMENTS (KOHA)
Koha item type Serials

No items available.